Statistics for Friends - Finish the Quote

Click here to take the quiz!

General Stats

  • This quiz has been taken 24,240 times
    (21,905 since last reset)
  • The average score is 10 of 16

Answer Stats

Said byAnswer% Correct
JoeyHow you {doin}'?
99%
RossWe were on a {break}!
93%
MonicaWelcome to the real world. It {sucks}. You’re gonna love it!
92%
PhoebeCome on Ross, you're a paleontologist, dig a little {deeper}.
83%
JoeyJoey doesn't {share} food!
76%
ChandlerI'm not so good with the advice... Can I interest you in a {sarcastic} comment?
73%
RossThat {sandwich} was the one good thing in my life. Someone ate the one good thing in my life.
72%
RachelI wasn’t supposed to put {beef} in the trifle!
66%
RachelOh, are you setting Ross up with someone? Does she have a {wedding} dress?
57%
RachelOh, I’m sorry. Did my {back} hurt your knife?
54%
JoeyWhy do you have to break up with her? Be a man. Just stop {calling}.
45%
RossYou could not be any more {wrong}. You could try, but you would not be successful.
43%
MonicaGuys can {fake} it? Unbelievable! The one thing that's ours!
38%
ChandlerOn second thought, {gum} would be perfection.
37%
PhoebeThis is brand new {information}!
37%
ChandlerYes, it was so sad when the guy stopped drawing the {deer}.
30%

Score Distribution

Percentile by Number Answered

Percent of People with Each Score

Your Score History

You have not taken this quiz since the last reset